sanah - Na grobie rycerz (M. Konopnicka) - Statystyki

Ogólne statystyki
  • Ten quiz został rozwiązany 7 razy
  • Średni wynik to 142 z 194
Statystyki odpowiedzi
Odpowiedź % Poprawnych
grobie
100%
Na
100%
na
100%
w
100%
z
100%
Z
100%
Że
100%
ze
100%
A
75%
chodzi
75%
czeka
75%
czole
75%
czolo
75%
czoło
75%
Czy
75%
dawnych
75%
dni
75%
dwa
75%
dzień
75%
głową
75%
hełm
75%
I
75%
i
75%
Kamienne
75%
kiedy
75%
kiedyś
75%
kośbę
75%
kosi
75%
lat
75%
miał
75%
nim
75%
noc
75%
odzywa
75%
on
75%
Ozwie
75%
pierś
75%
przy
75%
ręku
75%
rycerz
75%
się
75%
skończy
75%
słucha
75%
śmierć
75%
śmierci
75%
stoi
75%
stoi...
75%
swych
75%
taką
75%
tarcz
75%
trąba
75%
tuż
75%
wiek
75%
Wróżbę
75%
Wśród
75%
wzdłuż
75%
wznosi
75%
Za
75%
za
75%
zamknięta
75%
zbroi
75%
złota
75%
żniwa
75%
żywota
75%
bije
50%
ciągle
50%
...Ciągle
50%
deszcze
50%
jeszcze
50%
mchy
50%
miecz
50%
mogilna
50%
mu
50%
pęknieta
50%
pęknięta
50%
proch
50%
rdza
50%
słońce
50%
śnieg
50%
stojąc
50%
sypie
50%
tarczę
50%
wiatr
50%
wypiło
50%
wyrosły
50%
wyżarły
50%
wzniesioną
50%
wzrok
50%
zjadła
50%
Nie znaleziono quizów pasujących do podanych kryteriów
Rozkład punktacji
Procent ludzi z każdym wynikiem
Percentyl według liczby udzielonych odpowiedzi
Twoja historia wyników
Nie rozwiązałeś tego quizu